000 00704nam a2200253Ia 4500
003 OSt
005 20220918170129.0
006 a|||||r|||| 00| 0
007 ta
008 220917b |||||||| |||| 00| 0 eng d
020 _a9027232377 (pb)
024 _a231,222
037 _cTextual
040 _aARTS
_cARTS
_beng
041 _2eng
_aeng
082 _aP111vP<-C, P6
100 _aVan Gelderen Elly
_927268
245 0 _aHistory of the English language
260 _aAmsterdam
_bJohn Benjamins Publishing Company Netherland
_c2006
300 _axviii,334p.
_ccm.
650 _aLINGUISTICS
942 _hP111vP<-C, P6
_cTEXL
_2CC
999 _c132778
_d132778